000 00588nam a2200193 i 4500
001 38711
003 ES-MaACL
005 20250930063043.0
007 t|
008 150917s1903 sp ||||1| spa d
100 1 _aOrtiz del Barco, Juan,
_d1859-1914
_987611
245 1 0 _aCartas marítimas /
_cpor Juan Ortiz del Barco.
260 _aCovadonga :
_bImprenta Particular del autor,
_c1903.
300 _aXII, 761 p. ;
_c21 cm.
500 _aEn port.: Segunda tirada.
650 4 _aMarina de guerra-
_zEspaña.
_9136467
852 _aES-MaACL
_jG-13151
999 _c38711
_d38711